Catálogo
 En Linea

La mujer aborigen y la mujer en la colonia / (Registro nro. 2284)

Detalles MARC
000 -CABECERA
campo de control de longitud fija 01131nam a2200277 u 4500
001 - NÚMERO DE CONTROL
campo de control 000002448
003 - IDENTIFICADOR DEL NÚMERO DE CONTROL
campo de control DO-SdBNP
005 - FECHA Y HORA DE LA ÚLTIMA TRANSACCIÓN
campo de control 20230213124422.0
007 - CAMPO FIJO DE DESCRIPCIÓN FÍSICA--INFORMACIÓN GENERAL
campo de control de longitud fija ta
008 - DATOS DE LONGITUD FIJA--INFORMACIÓN GENERAL
campo de control de longitud fija 090702s197u dr a r 000 0 spa d
040 ## - FUENTE DE LA CATALOGACIÓN
Centro catalogador/agencia de origen DO-SdBNP
Lengua de catalogación spa
Centro/agencia transcriptor BNPHU
082 #4 - NÚMERO DE LA CLASIFICACIÓN DECIMAL DEWEY
Número de clasificación 305.42
Número de documento/Ítem B142m
Número de edición 22
100 1# - ENTRADA PRINCIPAL--NOMBRE DE PERSONA
Nombre de persona Báez Díaz, Tomás
Fechas asociadas al nombre 1909
9 (RLIN) 7736
245 13 - MENCIÓN DE TÍTULO
Título La mujer aborigen y la mujer en la colonia /
Mención de responsabilidad, etc. Tomás Báez Díaz.
260 ## - PUBLICACIÓN, DISTRIBUCIÓN, ETC.
Lugar de publicación, distribución, etc. Santo Domingo :
Nombre del editor, distribuidor, etc. [s.n.],
Fecha de publicación, distribución, etc. 197?
300 ## - DESCRIPCIÓN FÍSICA
Extensión 74p :
Otras características físicas il ;
Dimensiones 21 cm.
500 ## - NOTA GENERAL
Nota general El subtítulo de la obra no aparece en el documento, su participación en la etapa histórica que termina en el 1795, firma del Tratado de Basilea
500 ## - NOTA GENERAL
Nota general Incluye referencias bibliográficas y notas al pie de las páginas
586 ## - NOTA DE PREMIOS
Nota de premios Premio Shell ¨Salomé Ureña de Henríquez¨
590 ## - NOTA LOCAL (RLIN)
Nota local Inventariado, 2022/MFF
650 #4 - PUNTO DE ACCESO ADICIONAL DE MATERIA--TÉRMINO DE MATERIA
Término de materia o nombre geográfico como elemento de entrada Mujeres
Subdivisión geográfica República Dominicana
Subdivisión general Historia
9 (RLIN) 1930
650 #4 - PUNTO DE ACCESO ADICIONAL DE MATERIA--TÉRMINO DE MATERIA
Término de materia o nombre geográfico como elemento de entrada Indígenas de República Dominicana
Subdivisión general Mujeres
-- Historia
9 (RLIN) 82007
650 #4 - PUNTO DE ACCESO ADICIONAL DE MATERIA--TÉRMINO DE MATERIA
Término de materia o nombre geográfico como elemento de entrada Indígenas de República Dominicana
Subdivisión general Mujeres
-- Condiciones sociales
9 (RLIN) 82008
910 ## - DATOS DE OPCIÓN DEL USUARIO (OCLC)
Datos de opción del usuario Validado. Control de calidad MFF
942 ## - ELEMENTOS DE PUNTO DE ACCESO ADICIONAL (KOHA)
Fuente del sistema de clasificación o colocación Dewey Decimal Classification
Tipo de ítem Koha Libro
Existencias
Estado de retiro Estado de pérdida Fuente del sistema de clasificación o colocación Restricciones de uso No para préstamo Código de colección Localización permanente Ubicación/localización actual Ubicación en estantería Fecha de adquisición Signatura topográfica completa Código de barras Fecha visto por última vez Precio válido a partir de Tipo de ítem Koha Número de copia Total de préstamos
    Dewey Decimal Classification Excluido de préstamo   Patrimonio Dominicano Biblioteca Nacional Pedro Henríquez Ureña Biblioteca Nacional Pedro Henríquez Ureña Depósito 02.07.2009 BNPHU PD 305.42 B142m 2448-10 25.06.2020 25.06.2020 Libro    
    Dewey Decimal Classification Excluido de préstamo   Patrimonio Dominicano Biblioteca Nacional Pedro Henríquez Ureña Biblioteca Nacional Pedro Henríquez Ureña Depósito 03.05.2021 BNPHU PD 305.42 B142m 2021-1644 03.05.2021 03.05.2021 Libro e.2  
    Dewey Decimal Classification Préstamo en sala   Dominicana de Servicio Biblioteca Nacional Pedro Henríquez Ureña Biblioteca Nacional Pedro Henríquez Ureña Depósito 03.05.2021 BNPHU DS 305.42 B142m 2021-1645 03.05.2021 03.05.2021 Libro e.3  
    Dewey Decimal Classification Préstamo en sala   Dominicana de Servicio Biblioteca Nacional Pedro Henríquez Ureña Biblioteca Nacional Pedro Henríquez Ureña En catalogación 13.02.2023 BNPHU DS 305.42 B142m 2023-0878 13.02.2023 13.02.2023 Libro e.4  

Con tecnología Koha